Statistics for All First-Level Subdivisions of Asia by Proximity on a Map

Click here to take the quiz!

General Stats

  • This quiz has been taken 1,257 times
  • The average score is 802 of 1021

Answers on the Map

Answers color-coded by a green-red scale on the quiz's map according to % correct below.
Loading ...
 

Answer Stats

CountryTypeSubdivision% Correct
ChinaAutonomous RegionTibet
99%
IndiaTerritoryJammu and Kashmir
99%
IndiaTerritoryLadakh
99%
IndiaStateHaryana
99%
PakistanProvincePunjab
99%
ChinaAutonomous RegionXinjiang Uyghur
98%
ChinaAutonomous RegionInner Mongolia
98%
Saudi ArabiaRegionEastern Province
98%
IndiaStateHimachal Pradesh
98%
IndiaStatePunjab
98%
Saudi ArabiaRegionNorthern Borders
98%
IndiaStateRajasthan
98%
IndiaTerritoryChandigarh
98%
IraqProvinceAl Anbar
98%
IndiaStateUttar Pradesh
98%
SyriaProvinceHoms
97%
PakistanProvinceKhyber Pakhtunkhwa
97%
TajikistanAutonomous RegionGorno-Badakhshan
97%
NepalProvinceSudurpashchim
97%
NepalProvinceKarnali
97%
SyriaProvinceRaqqa
97%
SyriaProvinceIdlib
97%
AfghanistanProvinceBadakhshan
97%
Saudi ArabiaRegionTabuk
97%
IndiaStateUttarakhand
97%
SyriaProvinceAleppo
97%
ChinaProvinceYunnan
97%
IndiaStateMadhya Pradesh
97%
Saudi ArabiaRegionHa'il
97%
Saudi ArabiaRegionJawf
97%
SyriaProvinceHama
97%
ChinaProvinceLiaoning
97%
MyanmarSelf-Administered ZonePa Laung
96%
LebanonProvinceAkkar
96%
PakistanTerritoryGilgit-Baltistan
96%
LebanonProvinceNorth
96%
IranProvinceKhuzestan
96%
MyanmarSelf-Administered DivisionWa
96%
MyanmarStateShan
96%
United KingdomOverseas TerritoryAkrotiri and Dhekelia
96%
MyanmarSelf-Administered ZoneKokang
96%
ChinaProvinceShandong
96%
CyprusDistrictLarnaca
96%
IraqProvinceNajaf
96%
IranProvinceFars
96%
CyprusDistrictKyrenia
96%
SyriaProvinceLatakia
96%
CyprusDistrictFamagusta
96%
CyprusDistrictLimassol
96%
CyprusDistrictNicosia
96%
SyriaProvinceTartus
96%
BahrainProvinceNorthern
95%
IraqProvinceWasit
95%
IranProvinceBushehr
95%
BahrainProvinceCapital
95%
SyriaProvinceDeir ez-Zor
95%
United Arab EmiratesEmirateAbu Dhabi
95%
Saudi ArabiaRegionMadinah
95%
QatarMunicipalityAl Shamal
95%
BahrainProvinceMuharraq
95%
LaosPrefectureVientiane
95%
NepalProvinceProvince No. 5
95%
IndiaTerritoryDelhi
95%
QatarMunicipalityAl-Shahaniya
95%
PakistanTerritoryAzad Jammu and Kashmir
95%
ChinaAutonomous RegionGuangxi
95%
TurkeyProvinceKayseri
95%
IraqProvinceMaysan
95%
QatarMunicipalityAl Khor
95%
BahrainProvinceSouthern
95%
QatarMunicipalityAl Rayyan
95%
IndiaStateNagaland
94%
JordanProvinceAmman
94%
IndiaStateArunachal Pradesh
94%
BangladeshDivisionChittagong
94%
Saudi ArabiaRegionRiyadh
94%
BangladeshDivisionSylhet
94%
JordanProvinceKarak
94%
LaosProvinceXaignabouli
94%
IndiaStateTripura
94%
JordanProvinceMa'an
94%
TurkeyProvinceYozgat
94%
JordanProvinceZarqa
94%
IndiaStateMizoram
94%
MongoliaProvinceDornogovi
94%
ThailandProvinceSakon Nakhon
94%
AfghanistanProvinceKunduz
94%
ThailandProvinceKhon Kaen
94%
ThailandProvinceLoei
94%
IndiaStateAssam
94%
TajikistanRegionDistricts of Republican Subordination
94%
JordanProvinceMadaba
94%
AfghanistanProvinceTakhar
94%
MyanmarRegionSagaing
94%
MyanmarSelf-Administered ZoneNaga
94%
IraqProvinceDiyala
94%
IndiaStateMeghalaya
94%
JordanProvinceMafraq
94%
MyanmarStateChin
94%
ThailandProvinceNan
94%
IsraelDistrictSouthern
94%
IsraelDistrictJudea and Samaria Area
94%
ThailandProvinceNakhon Phanom
94%
JordanProvinceBalqa
93%
IsraelDistrictCentral
93%
IsraelDistrictHaifa
93%
IsraelDistrictJerusalem
93%
IsraelDistrictTel Aviv
93%
TurkeyProvinceNiğde
93%
TurkeyProvinceMalatya
93%
TurkeyProvinceKaraman
93%
JordanProvinceAjloun
93%
IsraelDistrictNorthern
93%
JordanProvinceAqaba
93%
TurkeyProvinceKonya
93%
TurkeyProvinceHatay
93%
IraqProvinceErbil
93%
JordanProvinceIrbid
93%
TurkeyProvinceŞanlıurfa
93%
JordanProvinceJerash
93%
IranProvinceIsfahan
93%
JordanProvinceTafilah
93%
TajikistanRegionSughd
93%
MongoliaProvinceSukhbaatar
93%
KazakhstanCityAlmaty
93%
QatarMunicipalityAd Dawhah
93%
QatarMunicipalityAl Daayen
93%
QatarMunicipalityAl Wakrah
93%
QatarMunicipalityUmm Salal
93%
TajikistanRegionKhatlon
93%
ThailandProvinceNong Khai
93%
SyriaProvinceRif Dimashq
93%
SyriaProvinceQuneitra
93%
SyriaProvinceDaraa
93%
SyriaProvinceDamascus
93%
SyriaProvinceAs-Suwayda
93%
AfghanistanProvinceBaghlan
93%
ThailandProvinceNong Bua Lamphu
93%
ThailandProvinceKalasin
93%
IndiaStateManipur
93%
LebanonProvinceBeqaa
93%
KazakhstanRegionJambyl
93%
ChinaProvinceGuizhou
93%
LaosProvinceVientiane
93%
ThailandProvinceUdon Thani
93%
LebanonProvinceBaalbek-Hermel
93%
LebanonProvinceBeirut
93%
LaosProvinceXaisomboun
93%
LebanonProvinceMount Lebanon
93%
LebanonProvinceNabatieh
93%
LebanonProvinceSouth
93%
TurkeyProvinceAntalya
93%
ChinaProvinceHebei
93%
TurkeyProvinceAdıyaman
93%
TurkeyProvinceNevşehir
92%
VietnamProvinceSơn La
92%
IranProvinceChaharmahal and Bakhtiari
92%
IranProvinceEast Azerbaijan
92%
UzbekistanRegionSurxondaryo
92%
IranProvinceHormozgān
92%
VietnamProvinceHà Giang
92%
TurkeyProvinceSivas
92%
IranProvinceIlam
92%
ChinaProvinceJilin
92%
TurkeyProvinceDiyarbakır
92%
IranProvinceKohgiluyeh and Boyer-Ahmad
92%
TurkeyProvinceGaziantep
92%
MyanmarRegionYangon
92%
OmanProvinceDhofar
92%
ThailandProvinceMae Hong Son
92%
ThailandProvinceKanchanaburi
92%
TurkeyProvinceAdana
92%
TurkeyProvinceAksaray
92%
ThailandProvinceChiang Mai
92%
KuwaitProvinceJahra
92%
KazakhstanRegionTurkistan
92%
AfghanistanProvinceParwan
92%
KazakhstanRegionKaraganda
92%
AfghanistanProvinceNuristan
92%
MyanmarStateKayin
92%
TurkeyProvinceElazığ
92%
MyanmarStateMon
92%
IraqProvinceSulaymaniyah
92%
IranProvinceLorestan
92%
IraqProvinceHalabja
92%
TurkeyProvinceKilis
92%
South KoreaProvinceSouth Jeolla
92%
IranProvinceWest Azerbaijan
92%
VietnamProvinceYên Bái
92%
TurkeyProvinceKahramanmaraş
92%
IraqProvinceBasra
92%
VietnamProvinceTuyên Quang
92%
South KoreaProvinceNorth Gyeongsang
92%
ThailandProvinceLamphun
91%
PakistanTerritoryIslamabad Capital Territory
91%
Saudi ArabiaRegionJizan
91%
ThailandProvinceLampang
91%
TajikistanRegionDushanbe
91%
Saudi ArabiaRegionQassim
91%
Saudi ArabiaRegionNajran
91%
Saudi ArabiaRegionMakkah
91%
ThailandProvinceKamphaeng Phet
91%
ThailandProvinceUttaradit
91%
MyanmarStateKachin
91%
LaosProvinceBokèo
91%
IraqProvinceAl-Qādisiyyah
91%
IranProvinceArdabil
91%
TurkeyProvinceKırşehir
91%
IraqProvinceDhi Qar
91%
IraqProvinceMuthanna
91%
TurkeyProvinceOsmaniye
91%
TurkeyProvinceTokat
91%
VietnamMunicipalityHà Nội
91%
LaosProvinceHouaphan
91%
ThailandProvinceNakhon Sawan
91%
TurkeyProvinceAnkara
91%
IranProvinceKurdistan
91%
ThailandProvinceUthai Thani
91%
ThailandProvinceTak
91%
ThailandProvinceSukhothai
91%
ThailandProvincePhrae
91%
ThailandProvincePhitsanulok
91%
ThailandProvincePhichit
91%
VietnamProvinceHà Nam
91%
IranProvinceZanjan
91%
VietnamProvinceHòa Bình
91%
YemenProvinceDhamar
91%
ChinaProvinceHenan
91%
VietnamProvinceNinh Bình
91%
VietnamProvinceThanh Hóa
91%
VietnamProvinceThái Nguyên
91%
VietnamProvinceNghệ An
91%
VietnamProvinceVĩnh Phúc
91%
YemenProvinceAmran
91%
YemenProvinceAl Hudaydah
91%
YemenProvinceAl Jawf
91%
VietnamProvincePhú Thọ
91%
YemenProvinceAl Mahwit
91%
YemenMunicipalityAmanat Al Asimah
91%
ChinaProvinceGuangdong
91%
AfghanistanProvinceKapisa
91%
AfghanistanProvinceKunar
91%
AfghanistanProvinceLaghman
91%
YemenProvinceSana'a
91%
YemenProvinceSa'dah
91%
YemenProvinceHajjah
91%
YemenProvinceMa'rib
91%
AfghanistanProvincePanjshir
91%
KyrgyzstanRegionJalal-Abad
90%
KyrgyzstanRegionChuy
90%
KyrgyzstanRegionBatken
90%
KazakhstanRegionAlmaty
90%
ThailandProvinceChaiyaphum
90%
AzerbaijanDistrictYardymli
90%
LaosProvinceBolikhamxai
90%
IranProvinceKermanshah
90%
SyriaProvinceAl-Hasakah
90%
South KoreaProvinceGangwon
90%
TurkeyProvinceMersin
90%
KyrgyzstanCity | RegionOsh
90%
LaosProvinceLuang Namtha
90%
LaosProvinceKhammouan
90%
ThailandProvincePhetchabun
90%
AzerbaijanDistrictBilasuvar
90%
MyanmarRegionTanintharyi
90%
AzerbaijanDistrictImishli
90%
AzerbaijanDistrictJabrayil
90%
AzerbaijanDistrictJalilabad
90%
AfghanistanProvinceSamangan
90%
AzerbaijanDistrictLerik
90%
ThailandProvinceBueng Kan
90%
AzerbaijanDistrictSaatly
90%
AzerbaijanDistrictSabirabad
90%
Saudi ArabiaRegionAsir
90%
LaosProvinceXiangkhouang
90%
LaosProvincePhôngsali
90%
LaosProvinceOudômxai
90%
TurkeyProvinceAmasya
90%
KyrgyzstanRegionIssyk-Kul
90%
UzbekistanRegionFergana
90%
United Arab EmiratesEmirateAjman
90%
UzbekistanRegionNamangan
90%
United Arab EmiratesEmirateDubai
90%
United Arab EmiratesEmirateUmm Al Quwain
90%
United Arab EmiratesEmirateSharjah
90%
VietnamProvinceBắc Kạn
90%
VietnamProvinceCao Bằng
90%
CyprusDistrictPaphos
89%
United Arab EmiratesEmirateRas Al Khaimah
89%
UzbekistanRegionAndijan
89%
VietnamProvinceHưng Yên
89%
LaosProvinceLouangphabang
89%
VietnamProvinceLai Châu
89%
ChinaProvinceShaanxi
89%
KyrgyzstanRegionTalas
89%
ThailandProvinceChai Nat
89%
YemenProvinceHadramaut
89%
North KoreaSpecial-level CityKaesong
89%
UzbekistanCityTashkent
89%
TurkmenistanRegionLebap
89%
VietnamProvinceLào Cai
89%
IranProvinceMarkazi
89%
North KoreaProvinceNorth Hwanghae
89%
VietnamProvinceBắc Giang
89%
KyrgyzstanRegionNaryn
89%
YemenProvinceSocotra
89%
JapanPrefectureSaga
89%
AfghanistanProvinceBalkh
89%
North KoreaProvinceSouth Hwanghae
89%
KuwaitProvinceAhmadi
89%
JapanPrefectureNagasaki
89%
North KoreaProvinceSouth Pyongan
89%
TurkeyProvinceSamsun
89%
VietnamProvinceĐiện Biên
89%
VietnamProvinceBắc Ninh
89%
IraqProvinceNineveh
88%
ThailandProvinceYasothon
88%
NepalProvinceProvince No. 1
88%
TurkeyProvinceAfyonkarahisar
88%
TurkeyProvinceAydın
88%
IraqProvinceSaladin
88%
IraqProvinceKirkuk
88%
UzbekistanRegionQashqadaryo
88%
TurkeyProvinceBurdur
88%
IndiaStateBihar
88%
NepalProvinceBagmati
88%
ChinaProvinceHainan
88%
TurkeyProvinceİzmir
88%
TurkeyProvinceDenizli
88%
BangladeshDivisionRajshahi
88%
BangladeshDivisionMymensingh
88%
BangladeshDivisionKhulna
88%
BangladeshDivisionDhaka
88%
BangladeshDivisionBarisal
88%
TurkeyProvinceEskişehir
88%
KazakhstanRegionKyzylorda
88%
KuwaitProvinceAl Asimah
88%
TurkeyProvinceÇankırı
88%
KuwaitProvinceFarwaniya
88%
KuwaitProvinceHawalli
88%
KuwaitProvinceMubarak Al-Kabeer
88%
KyrgyzstanCityBishkek
88%
TurkeyProvinceHakkâri
88%
IndiaStateJharkhand
88%
TurkeyProvinceIsparta
88%
ChinaProvinceShanxi
88%
NepalProvinceProvince No. 2
88%
North KoreaProvinceChagang
88%
JapanPrefectureYamaguchi
88%
TurkeyProvinceMuğla
88%
North KoreaSpecial CityNampo
88%
IranProvinceGilan
88%
PakistanProvinceBalochistan
88%
AzerbaijanDistrictAstara
88%
ThailandProvinceAmnat Charoen
88%
AfghanistanProvinceNangarhar
88%
TurkeyProvinceKütahya
88%
TurkeyProvinceManisa
88%
TurkeyProvinceMardin
88%
AfghanistanProvinceKabul
88%
IranProvinceKerman
88%
South KoreaProvinceUlsan
88%
South KoreaProvinceSouth Gyeongsang
88%
South KoreaProvinceSouth Chungcheong
88%
South KoreaProvinceSejong
88%
South KoreaProvinceNorth Jeolla
88%
South KoreaProvinceNorth Chungcheong
88%
TurkeyProvinceUşak
88%
TurkeyProvinceVan
88%
South KoreaProvinceJeju
88%
IndiaStateWest Bengal
88%
United Arab EmiratesEmirateFujairah
88%
OmanProvinceMusandam
88%
OmanProvinceAl Buraymi
88%
OmanProvinceAl Batinah North
88%
North KoreaProvinceNorth Hamgyong
88%
North KoreaProvinceNorth Pyongan
88%
North KoreaDirect-administered CityPyongyang
88%
North KoreaProvinceRyanggang
88%
North KoreaProvinceSouth Hamgyong
88%
TurkeyProvinceKastamonu
88%
TurkeyProvinceKırıkkale
88%
OmanProvinceAd Dhahirah
88%
IranProvinceQazvin
88%
BangladeshDivisionRangpur
88%
OmanProvinceAsh Sharqiyah North
87%
AzerbaijanDistrictSalyan
87%
South KoreaProvinceDaejeon
87%
South KoreaProvinceDaegu
87%
South KoreaProvinceBusan
87%
TurkeyProvinceÇanakkale
87%
AzerbaijanDistrictHajigabul
87%
TurkeyProvinceEdirne
87%
ChinaProvinceSichuan
87%
KazakhstanRegionEast Kazakhstan
87%
TurkeyProvinceDüzce
87%
TurkeyProvinceBursa
87%
AzerbaijanCity | DistrictLankaran
87%
KazakhstanCityShymkent
87%
YemenProvinceAl Bayda
87%
TurkeyProvinceBilecik
87%
AzerbaijanCityBaku
87%
AzerbaijanDistrictMasally
87%
ThailandProvinceUbon Ratchathani
87%
YemenProvinceShabwah
87%
AzerbaijanDistrictNeftchala
87%
OmanProvinceAl Wusta
87%
OmanProvinceMuscat
87%
OmanProvinceAd Dakhiliyah
87%
UzbekistanRegionTashkent
87%
OmanProvinceAl Batinah South
87%
TurkeyProvinceBolu
87%
TurkeyProvinceBalıkesir
87%
AzerbaijanDistrictAbsheron
87%
AzerbaijanCityShirvan
87%
TurkeyProvinceBartın
87%
OmanProvinceAsh Sharqiyah South
87%
South KoreaProvinceGwangju
87%
JapanPrefectureNiigata
87%
TurkeyProvinceKocaeli
87%
IranProvinceHamadan
87%
ChinaProvinceFujian
87%
TurkeyProvinceZonguldak
87%
TurkeyProvinceYalova
87%
JapanPrefectureIwate
87%
JapanPrefectureIshikawa
87%
JapanPrefectureGunma
87%
South KoreaProvinceGyeonggi
87%
TurkeyProvinceIstanbul
87%
TurkeyProvinceKarabük
87%
TurkeyProvinceTekirdağ
87%
TurkeyProvinceSakarya
87%
ChinaProvinceJiangsu
87%
ThailandProvinceRoi Et
86%
TurkeyProvinceSinop
86%
IranProvinceMazandaran
86%
BhutanDistrictChhukha
86%
TurkeyProvinceÇorum
86%
MyanmarStateRakhine
86%
UzbekistanRegionJizzakh
86%
LaosProvinceChampasak
86%
ChinaProvinceJiangxi
86%
JapanPrefectureFukushima
86%
ThailandProvinceMukdahan
86%
CambodiaProvinceBanteay Meanchey
86%
ThailandProvinceSa Kaeo
86%
JapanPrefectureIbaraki
86%
UzbekistanRegionSirdaryo
86%
TurkeyProvinceKırklareli
86%
JapanPrefectureYamagata
86%
JapanPrefectureTochigi
86%
ThailandProvinceBuriram
86%
BhutanDistrictPema Gatshel
85%
JapanPrefectureTottori
85%
MyanmarUnion TerritoryNaypyidaw
85%
BhutanDistrictSamdrup Jongkhar
85%
BhutanDistrictZhemgang
85%
BhutanDistrictLhuentse
85%
MyanmarSelf-Administered ZonePa'O
85%
BhutanDistrictMongar
85%
MyanmarRegionMagway
85%
TurkeyProvinceTrabzon
85%
JapanPrefectureTokushima
85%
MyanmarRegionMandalay
85%
JapanPrefectureOkayama
85%
RussiaTerritoryAltai
85%
JapanPrefectureToyama
85%
MyanmarSelf-Administered ZoneDanu
85%
BhutanDistrictSarpang
85%
RussiaTerritoryZabaykalsky
85%
CambodiaProvinceSteung Treng
85%
BhutanDistrictWangdue Phodrang
85%
BhutanDistrictTrashi Yangtse
85%
AfghanistanProvinceKhost
85%
BhutanDistrictTrashigang
85%
RussiaRepublicBuryatia
85%
AfghanistanProvinceGhazni
85%
ThailandProvinceSurin
85%
ThailandProvinceSisaket
85%
BhutanDistrictBumthang
85%
AfghanistanProvincePaktika
85%
BhutanDistrictTsirang
85%
BhutanDistrictDagana
85%
JapanPrefectureKyoto
85%
CambodiaProvinceOddar Meanchey
85%
JapanPrefectureMiyagi
85%
JapanPrefectureOsaka
85%
JapanPrefectureSaitama
85%
JapanPrefectureKagawa
85%
TurkeyProvinceGümüşhane
85%
JapanPrefectureShiga
85%
JapanPrefectureNagano
85%
BhutanDistrictTrongsa
85%
JapanPrefectureHyōgo
85%
IranProvinceTehran
85%
IranProvinceAlborz
85%
JapanPrefectureGifu
85%
TurkmenistanRegionBalkan
85%
TurkeyProvinceTunceli
85%
CambodiaProvinceBattambang
85%
North KoreaProvinceKangwon
85%
TurkeyProvinceErzincan
85%
JapanPrefectureFukui
85%
JapanPrefectureKōchi
85%
AfghanistanProvinceBamyan
84%
AfghanistanProvinceWardak
84%
IranProvinceGolestan
84%
ArmeniaProvinceAragatsotn
84%
ArmeniaProvinceArmavir
84%
ArmeniaProvinceArarat
84%
AfghanistanProvinceSar-e Pol
84%
AfghanistanProvinceLogar
84%
ArmeniaProvinceLori
84%
ThailandProvinceChanthaburi
84%
TurkeyProvinceKars
84%
AfghanistanProvincePaktia
84%
ArmeniaMunicipalityYerevan
84%
ArmeniaProvinceShirak
84%
JapanPrefectureYamanashi
84%
JapanPrefectureAkita
84%
JapanPrefectureShizuoka
84%
JapanPrefectureChiba
84%
JapanPrefectureAichi
84%
TurkeyProvinceIğdır
84%
JapanPrefectureKanagawa
84%
JapanPrefectureMie
84%
TurkeyProvinceAğrı
84%
JapanPrefectureNara
84%
TurkeyProvinceGiresun
84%
South KoreaProvinceIncheon
84%
KazakhstanRegionPavlodar
84%
South KoreaProvinceSeoul
84%
JapanPrefectureTokyo
84%
JapanPrefectureWakayama
84%
ArmeniaProvinceVayots Dzor
83%
LaosProvinceSalavan
83%
AzerbaijanDistrictDashkasan
83%
YemenProvinceIbb
83%
CambodiaProvinceKoh Kong
83%
AzerbaijanDistrictSharur
83%
ChinaMunicipalityBeijing
83%
AzerbaijanDistrictZardab
83%
AzerbaijanDistrictShahbuz
83%
GeorgiaRegionKvemo Kartli
83%
AzerbaijanDistrictSamukh
83%
AzerbaijanDistrictFizuli
83%
AzerbaijanDistrictGadabay
83%
ThailandSpecial Administrative AreaBangkok
83%
AzerbaijanDistrictSadarak
83%
AzerbaijanCity | DistrictShusha
83%
UzbekistanRegionSamarqand
83%
AzerbaijanCity | DistrictYevlakh
83%
AzerbaijanDistrictAghjabadi
83%
AzerbaijanDistrictUjar
83%
ArmeniaProvinceTavush
83%
AzerbaijanDistrictTovuz
83%
AzerbaijanDistrictTartar
83%
CambodiaProvincePreah Vihear
83%
AzerbaijanDistrictAgdam
83%
AzerbaijanDistrictAgdash
83%
AzerbaijanDistrictAgstafa
83%
AzerbaijanDistrictBeylagan
83%
ArmeniaProvinceSyunik
83%
AzerbaijanDistrictBabek
83%
AzerbaijanCityGanja
83%
AzerbaijanDistrictZangilan
83%
GeorgiaRegionKakheti
83%
ArmeniaProvinceKotayk
83%
AzerbaijanDistrictBarda
83%
ArmeniaProvinceGegharkunik
83%
AzerbaijanDistrictShamkir
83%
BhutanDistrictHaa
83%
CambodiaProvinceSiem Reap
83%
AzerbaijanCityNakhchivan
83%
ThailandProvincePathum Thani
83%
AzerbaijanDistrictJulfa
83%
AzerbaijanDistrictKalbajar
83%
IndiaStateSikkim
83%
MyanmarRegionBago
83%
AzerbaijanDistrictKangarli
83%
AzerbaijanDistrictQazakh
83%
AzerbaijanDistrictQubadli
83%
AzerbaijanDistrictKhojavend
83%
UzbekistanRegionNavoiy
83%
AzerbaijanCityKhankendi
83%
AzerbaijanDistrictOrdubad
83%
BhutanDistrictThimphu
83%
ChinaMunicipalityTianjin
83%
AzerbaijanDistrictKhojali
83%
BhutanDistrictSamtse
83%
AzerbaijanDistrictGoranboy
83%
AzerbaijanDistrictKurdamir
83%
YemenProvinceRaymah
83%
GeorgiaRegionSamtskhe-Javakheti
83%
AzerbaijanDistrictGoygol
83%
BhutanDistrictParo
83%
AzerbaijanDistrictLachin
83%
AzerbaijanCityMingachevir
83%
AzerbaijanCityNaftalan
83%
KazakhstanRegionAkmola
82%
ThailandProvinceSaraburi
82%
AzerbaijanDistrictZaqatala
82%
ThailandProvinceChachoengsao
82%
ThailandProvinceTrat
82%
CambodiaProvinceTboung Khmum
82%
CambodiaProvincePursat
82%
ThailandProvinceChonburi
82%
ChinaProvinceZhejiang
82%
CambodiaProvinceTakéo
82%
ThailandSpecial Administrative AreaPattaya
82%
AzerbaijanDistrictOghuz
82%
GeorgiaRegionMtskheta-Mtianeti
82%
CambodiaProvincePhnom Penh
82%
AzerbaijanDistrictAgsu
82%
CambodiaProvinceKampong Thom
82%
AzerbaijanDistrictGoychay
82%
AzerbaijanCity | DistrictShaki
82%
IranProvinceYazd
82%
CambodiaProvinceKampong Cham
82%
GeorgiaRegionShida Kartli
82%
VietnamProvinceKiên Giang
82%
CambodiaProvinceKampong Chhnang
82%
AzerbaijanDistrictIsmailli
82%
CambodiaProvincePreah Sihanouk
82%
CambodiaProvinceKampong Speu
82%
BhutanDistrictGasa
82%
CambodiaProvinceKampot
82%
CambodiaProvinceKandal
82%
GeorgiaMunicipalityTbilisi
82%
VietnamProvinceHà Tĩnh
82%
AzerbaijanDistrictQakh
82%
MyanmarStateKayah
82%
CambodiaProvincePailin
82%
AzerbaijanDistrictQabala
82%
ThailandProvinceSamut Prakan
82%
RussiaRegionNovosibirsk
81%
VietnamProvinceQuảng Bình
81%
TurkeyProvinceSiirt
81%
TurkeyProvinceŞırnak
81%
IraqProvinceDuhok
81%
BhutanDistrictPunakha
81%
AzerbaijanDistrictQusar
81%
MongoliaProvinceTuv
81%
MongoliaMunicipalityUlaanbaatar
81%
ThailandProvinceRatchaburi
81%
ThailandProvinceNakhon Nayok
81%
AzerbaijanDistrictBalakan
81%
ThailandProvinceNakhon Ratchasima
81%
VietnamProvinceNam Định
81%
ThailandProvinceSamut Sakhon
81%
AzerbaijanDistrictQuba
81%
ThailandProvinceNakhon Pathom
81%
ThailandProvincePrachinburi
81%
NepalProvinceGandaki
81%
ThailandProvinceSing Buri
80%
ThailandProvinceSuphan Buri
80%
RussiaRegionIrkutsk
80%
ThailandProvincePhra Nakhon Si Ayutthaya
80%
IraqProvinceKarbala
80%
AfghanistanProvinceFaryab
80%
MongoliaProvinceGovisumber
80%
ThailandProvinceAng Thong
80%
MongoliaProvinceKhentii
80%
ThailandProvinceNonthaburi
80%
LaosProvinceSavannakhét
80%
IraqProvinceBabil
80%
ThailandProvinceLopburi
80%
ChinaProvinceGansu
80%
VietnamProvinceQuảng Ninh
80%
ChinaProvinceQinghai
79%
KazakhstanCityNur-Sultan
79%
KazakhstanRegionNorth Kazakhstan
79%
VietnamProvinceLạng Sơn
79%
ThailandProvincePhayao
79%
VietnamProvinceHải Dương
79%
VietnamProvinceThái Bình
79%
ThailandProvinceChiang Rai
79%
MongoliaProvinceDornod
79%
AfghanistanProvinceJowzjan
79%
TurkeyProvinceOrdu
79%
VietnamProvinceQuảng Trị
79%
MyanmarRegionAyeyarwady
79%
VietnamMunicipalityHải Phòng
79%
RussiaRegionOmsk
79%
ThailandProvinceMaha Sarakham
78%
YemenProvinceAbyan
78%
YemenProvinceLahij
78%
VietnamProvinceThừa Thiên-Huế
78%
YemenProvinceDhale
78%
ThailandProvinceRayong
78%
UzbekistanAutonomous RepublicKarakalpakstan
78%
YemenProvinceTaiz
78%
MongoliaProvinceArkhangai
78%
IranProvinceRazavi Khorasan
78%
MongoliaProvinceUvurkhangai
78%
KazakhstanRegionKostanay
78%
MongoliaProvinceDundgovi
78%
MongoliaProvinceBayankhongor
78%
ChinaProvinceHubei
78%
TurkeyProvinceBitlis
77%
IndiaStateTamil Nadu
77%
IndiaTerritoryPuducherry
77%
RussiaRegionChelyabinsk
77%
IndiaStateKerala
77%
IranProvinceSistan and Baluchestan
77%
IranProvinceSemnan
77%
KazakhstanRegionMangystau
77%
IranProvinceQom
77%
ChinaProvinceHeilongjiang
76%
MongoliaProvinceZavkhan
76%
TurkeyProvinceBingöl
76%
TurkeyProvinceBatman
76%
MongoliaProvinceSelenge
76%
YemenProvinceAl Mahrah
76%
MongoliaProvinceDarkhan-Uul
76%
RussiaRegionTyumen
76%
TurkeyProvinceErzurum
76%
ThailandProvinceSamut Songkhram
76%
IndonesiaProvinceCentral Java
76%
MongoliaProvinceUmnugovi
76%
ThailandProvincePhetchaburi
76%
ThailandProvinceRanong
76%
RussiaTerritoryKrasnoyarsk
76%
RussiaRegionKurgan
76%
UzbekistanRegionBukhara
76%
TurkeyProvinceMuş
76%
IndonesiaProvinceWest Kalimantan
76%
TurkeyProvinceArtvin
75%
TurkmenistanDistrictAshgabat
75%
Saudi ArabiaRegionBahah
75%
IndonesiaProvinceSouth Sumatra
75%
TurkmenistanRegionAhal
75%
LaosProvinceXékong
75%
LaosProvinceAttapeu
75%
IndonesiaProvinceBangka Belitung Islands
75%
IranProvinceNorth Khorasan
75%
Sri LankaProvinceNorth Western
75%
TurkmenistanRegionMary
75%
Sri LankaProvinceNorthern
75%
Sri LankaProvinceNorth Central
75%
TurkeyProvinceRize
75%
Sri LankaProvinceEastern
75%
IndonesiaProvinceEast Java
75%
TurkeyProvinceBayburt
75%
TurkeyProvinceArdahan
74%
MongoliaProvinceGovi-Altai
74%
IndiaStateTelangana
74%
GeorgiaRegionGuria
74%
IndiaStateAndhra Pradesh
74%
GeorgiaRegionImereti
74%
GeorgiaRegionSamegrelo-Zemo Svaneti
74%
GeorgiaAutonomous RepublicAdjara
74%
Sri LankaProvinceWestern
74%
GeorgiaAutonomous RepublicAbkhazia
74%
KazakhstanRegionAktobe
74%
Sri LankaProvinceUva
74%
RussiaTerritoryKhabarovsk
74%
AfghanistanProvinceZabul
74%
AzerbaijanDistrictGobustan
74%
IndonesiaProvinceSpecial Region of Yogyakarta
74%
Sri LankaProvinceCentral
74%
RussiaRegionSverdlovsk
74%
AzerbaijanDistrictShamakhi
74%
Sri LankaProvinceSabaragamuwa
74%
IndonesiaProvinceBengkulu
74%
Sri LankaProvinceSouthern
74%
AzerbaijanDistrictShabran
73%
ThailandProvinceChumphon
73%
RussiaRepublicTuva
73%
AzerbaijanCitySumqayit
73%
MongoliaProvinceKhovd
73%
ThailandProvincePrachuap Khiri Khan
73%
GeorgiaRegionRacha-Lechkhumi and Kvemo Svaneti
73%
IraqProvinceBaghdad
73%
AzerbaijanDistrictKhizi
73%
IndonesiaProvinceWest Java
72%
VietnamProvinceKon Tum
72%
VietnamProvinceGia Lai
72%
ThailandProvinceNakhon Si Thammarat
72%
ChinaProvinceHunan
72%
CambodiaProvinceRatanak Kiri
72%
RussiaRegionKemerovo
72%
RussiaRepublicAltai
72%
AzerbaijanDistrictKhachmaz
72%
AzerbaijanDistrictSiazan
72%
ThailandProvinceSurat Thani
72%
IndonesiaProvinceBanten
71%
VietnamProvinceBình Định
71%
IndiaStateKarnataka
71%
IndonesiaProvinceSpecial Capital Region of Jakarta
71%
PhilippinesAdministrative RegionCagayan Valley
71%
VietnamProvincePhú Yên
71%
VietnamProvinceQuảng Nam
71%
RussiaRepublicSakha
71%
RussiaRepublicKhakassia
71%
ChinaProvinceAnhui
70%
TaiwanCountyKinmen
70%
MongoliaProvinceUvs
70%
IndiaStateChhattisgarh
70%
CambodiaProvincePrey Veng
69%
CambodiaProvinceKratié
69%
CambodiaProvinceMondulkiri
68%
VietnamProvinceTây Ninh
68%
CambodiaProvinceSvay Rieng
68%
RussiaRegionSakhalin
68%
AfghanistanProvinceKandahar
68%
AfghanistanProvinceHelmand
68%
AfghanistanProvinceGhor
68%
VietnamProvinceLâm Đồng
68%
VietnamProvinceĐắk Lắk
68%
VietnamProvinceLong An
68%
VietnamMunicipalityHồ Chí Minh
68%
VietnamProvinceĐắk Nông
68%
VietnamProvinceBình Thuận
68%
VietnamProvinceĐồng Nai
68%
VietnamProvinceBình Dương
68%
VietnamProvinceBà Rịa-Vũng Tàu
68%
VietnamProvinceBình Phước
68%
VietnamProvinceKhánh Hòa
67%
AfghanistanProvinceUrozgan
67%
VietnamProvinceAn Giang
67%
AustraliaExternal TerritoryChristmas Island
67%
VietnamProvinceNinh Thuận
67%
IndonesiaProvinceLampung
67%
VietnamProvinceCà Mau
67%
VietnamProvinceĐồng Tháp
67%
AfghanistanProvinceDaykundi
67%
CambodiaProvinceKep
67%
VietnamProvinceBến Tre
66%
RussiaRegionTomsk
66%
IndonesiaProvinceNorth Sumatra
66%
VietnamProvinceBạc Liêu
66%
VietnamMunicipalityCần Thơ
66%
RussiaRegionAmur
66%
PhilippinesAdministrative RegionSouthwestern Tagalog
66%
VietnamProvinceVĩnh Long
66%
IndiaStateOdisha
66%
VietnamProvinceTrà Vinh
66%
VietnamProvinceTiền Giang
66%
VietnamProvinceHậu Giang
66%
VietnamProvinceSóc Trăng
66%
MongoliaProvinceKhuvsgul
66%
MalaysiaStatePerak
66%
MalaysiaStatePahang
66%
MalaysiaStateKelantan
65%
MalaysiaStateTerengganu
65%
AfghanistanProvinceFarah
65%
VietnamProvinceQuảng Ngãi
65%
MongoliaProvinceBayan-Ulgii
65%
AfghanistanProvinceHerat
65%
VietnamMunicipalityĐà Nẵng
65%
AfghanistanProvinceBadghis
64%
RussiaTerritoryPrimorsky
64%
MongoliaProvinceBulgan
64%
ChinaMunicipalityShanghai
63%
MongoliaProvinceOrkhon
63%
MalaysiaStateMalacca
62%
MalaysiaStateJohor
62%
IndonesiaProvinceRiau
62%
MalaysiaStateNegeri Sembilan
62%
MalaysiaStateSelangor
61%
MalaysiaFederal TerritoryKuala Lumpur
61%
IndonesiaProvinceWest Sumatra
61%
MalaysiaFederal TerritoryPutrajaya
61%
JapanPrefectureMiyazaki
61%
RussiaAutonomous AreaKhanty-Mansi
61%
JapanPrefectureKumamoto
60%
TurkmenistanRegionDaşoguz
60%
JapanPrefectureHokkaido
60%
IndiaStateGujarat
60%
JapanPrefectureShimane
59%
JapanPrefectureAomori
59%
ChinaAutonomous RegionNingxia
59%
JapanPrefectureHiroshima
59%
IndonesiaProvinceAceh
58%
UzbekistanRegionXorazm
58%
JapanPrefectureŌita
58%
TaiwanSpecial municipalityNew Taipei
58%
TaiwanCountyNantou
58%
TaiwanCity | CountyChiayi
58%
TaiwanCity | CountyHsinchu
58%
TaiwanSpecial municipalityKaohsiung
58%
TaiwanCityKeelung
58%
TaiwanCountyLienchiang
58%
TaiwanCountyMiaoli
58%
TaiwanCountyPenghu
58%
TaiwanCountyTaitung
58%
TaiwanCountyPingtung
58%
TaiwanSpecial municipalityTaichung
58%
TaiwanCountyYunlin
58%
TaiwanCountyYilan
58%
TaiwanSpecial municipalityTaoyuan
58%
TaiwanSpecial municipalityTainan
58%
TaiwanCountyChanghua
58%
TaiwanSpecial municipalityTaipei
58%
PhilippinesAdministrative RegionWestern Visayas
58%
PhilippinesAdministrative RegionSouthern Tagalog Mainland
58%
JapanPrefectureFukuoka
58%
PhilippinesAdministrative RegionBicol
58%
JapanPrefectureEhime
58%
ChinaSpecial RegionMacau
57%
ThailandProvinceSatun
57%
ThailandProvincePattani
57%
ThailandProvinceNarathiwat
57%
PhilippinesAdministrative RegionCentral Visayas
57%
PhilippinesAdministrative RegionCentral Luzon
57%
PhilippinesAdministrative RegionCordillera
57%
ThailandProvinceSongkhla
57%
PhilippinesAdministrative RegionEastern Visayas
57%
TaiwanCountyHualien
57%
PhilippinesAdministrative RegionIlocos
57%
PhilippinesAdministrative RegionNational Capital
57%
ThailandProvinceYala
57%
ChinaSpecial RegionHong Kong
57%
JapanPrefectureKagoshima
57%
MalaysiaStatePerlis
57%
MalaysiaStatePenang
57%
MalaysiaStateKedah
57%
RussiaAutonomous AreaChukotka
56%
ThailandProvincePhatthalung
56%
ChinaMunicipalityChongqing
56%
IndonesiaProvinceRiau Islands
56%
ThailandProvinceTrang
56%
IndonesiaProvinceJambi
56%
RussiaTerritoryKamchatka
56%
RussiaRegionMagadan
56%
IndiaStateMaharashtra
56%
SingaporeCouncilCentral Singapore
55%
SingaporeCouncilNorth East
55%
SingaporeCouncilNorth West
55%
SingaporeCouncilSouth East
55%
SingaporeCouncilSouth West
55%
PakistanProvinceSindh
54%
IndiaTerritoryLakshadweep
54%
KazakhstanRegionAtyrau
51%
JapanPrefectureOkinawa
51%
KazakhstanRegionWest Kazakhstan
51%
KazakhstanCityBaikonur
49%
RussiaAutonomous RegionJewish
49%
YemenProvinceAden
43%
IndiaStateGoa
43%
MaldivesAtollFaadhippolhu
42%
MaldivesAtollThiladhunmathi Uthuruburi
42%
MaldivesAtollMiladhunmadulu Uthuruburi
42%
MaldivesAtollMiladhunmadulu Dhekunuburi
42%
IndiaTerritoryDadra and Nagar Haveli
42%
MaldivesAtollThiladhunmathi Dhekunuburi
42%
IndonesiaProvinceCentral Kalimantan
41%
IranProvinceSouth Khorasan
40%
IndonesiaProvinceNorth Kalimantan
38%
IndonesiaProvinceEast Kalimantan
38%
PhilippinesAutonomous RegionBangsamoro Autonomous Region in Muslim Mindanao
37%
MalaysiaStateSarawak
37%
IndiaTerritoryAndaman and Nicobar Islands
37%
MalaysiaStateSabah
36%
IndonesiaProvinceEast Nusa Tenggara
36%
BruneiDistrictTutong
36%
BruneiDistrictTemburong
36%
BruneiDistrictBrunei-Muara
36%
BruneiDistrictBelait
36%
MalaysiaFederal TerritoryLabuan
35%
IndonesiaProvinceSouth Kalimantan
34%
ThailandProvincePhang Nga
34%
AfghanistanProvinceNimruz
34%
ThailandProvincePhuket
34%
RussiaAutonomous AreaYamalo-Nenets
34%
ThailandProvinceKrabi
32%
IndiaTerritoryDaman and Diu
32%
MaldivesAtollAri Atholhu Uthuruburi
31%
MaldivesAtollHuvadhu Atholhu Dhekunuburi
31%
MaldivesAtollNilandhe Atholhu Uthuruburi
31%
MaldivesAtollKolhumadulu
31%
MaldivesAtollAri Atholhu Dhekunuburi
31%
MaldivesAtollFelidhu Atholhu
31%
MaldivesAtollNilandhe Atholhu Dhekunuburi
31%
MaldivesAtollHuvadhu Atholhu Uthuruburi
31%
MaldivesAtollMalé Atholhu
31%
MaldivesAtollHaddhunmathi
31%
MaldivesAtollMaalhosmadulu Dhekunuburi
31%
MaldivesAtollMulak Atholhu
31%
MaldivesCityMalé
31%
MaldivesAtollMaalhosmadulu Uthuruburi
31%
IndonesiaProvinceWest Nusa Tenggara
30%
MaldivesCityAddu
30%
MaldivesAtollFuvahmulah
30%
North KoreaSpecial CityRason
29%
IndonesiaProvinceSouth Sulawesi
29%
IndonesiaProvinceBali
28%
IndonesiaProvinceSoutheast Sulawesi
25%
IndonesiaProvinceMaluku
22%
East TimorMunicipalityErmera
19%
IndonesiaProvinceCentral Sulawesi
19%
East TimorMunicipalityCovalima
19%
IndonesiaProvinceNorth Sulawesi
19%
East TimorMunicipalityDili
19%
East TimorMunicipalityAinaro
19%
East TimorMunicipalityViqueque
19%
East TimorMunicipalityBobonaro
19%
East TimorMunicipalityBaucau
19%
East TimorMunicipalityManufahi
19%
East TimorMunicipalityManatuto
19%
East TimorMunicipalityAileu
19%
East TimorMunicipalityLiquiçá
19%
East TimorMunicipalityOecusse
19%
PhilippinesAdministrative RegionZamboanga Peninsula
18%
IndonesiaProvinceGorontalo
18%
IndonesiaProvinceNorth Maluku
17%
East TimorMunicipalityLautém
17%
IndonesiaProvinceWest Sulawesi
15%
PhilippinesAdministrative RegionDavao
15%
PhilippinesAdministrative RegionCaraga
15%
PhilippinesAdministrative RegionSOCCSKSARGEN
15%
PhilippinesAdministrative RegionNorthern Mindanao
15%
AustraliaExternal TerritoryCocos (Keeling) Islands
5%

Score Distribution

Percentile by Number Answered

Percent of People with Each Score

Your Score History

You have not taken this quiz